Statistics for Top 10 Most Populous European Countries

Click here to take the quiz!

General Stats

  • This quiz has been taken 170,532 times
  • The average score is 9 of 10

Answer Stats

PopulationCountry% Correct
65.3 mFrance
99%
83.8 mGermany
99%
67.9 mUnited Kingdom
99%
60.5 mItaly
98%
112 mRussia
98%
46.8 mSpain
98%
37.8 mPoland
93%
43.6 mUkraine
88%
19.2 mRomania
79%
17.2 mNetherlands
75%

Score Distribution

Percentile by Number Answered

Percent of People with Each Score

Your Score History

You have not taken this quiz